000 00867nam a2200229 a 4500
005 20241012063729.0
008 040504s2001 mx r 000 0 spa d
020 _a8449310784
035 _aUPN01000133284
049 _aCG
050 4 _aRC480
_bO3.3
100 1 _aO'Hanlon, William Hudson
245 1 0 _aDesarrollar posibilidades :
_bun itinerario por la obra de uno de los fundadores de la terapia breve /
_cBill O'Hanlon ; textos comp. por Steffanie O'Hanlon y Bob Bertolino ; tr. Genís Sánchez Barberán.
260 _aBarcelona, Esp. :
_bPaidós,
_cc2001.
300 _a303 p.
440 0 _aPaidós terapia familiar ;
_v83
534 _pTraducción de:
_tEvolving possibilities. Selected papers of Bill O'Hanlon.
650 4 _aPsicoterapia
_98720
700 1 _aO'Hanlon, Steffanie,
_ecomp.
700 1 _aBertolino, Bob,
_d1965- ,
_ecomp.
905 _aLibro
999 _c105436
_d105436